| 000 | 01042cam a22002533a 4500 | ||
|---|---|---|---|
| 001 | 11582 | ||
| 003 | PGUSA | ||
| 005 | 20140828083238.0 | ||
| 008 | 040301s2004||||xxu|||||s|||||000 | eng d | ||
| 040 |
_aPGUSA _beng |
||
| 042 | _adc | ||
| 050 | 4 | _aPA | |
| 050 | 4 | _aPZ | |
| 100 | 1 |
_aBaldwin, James, _d1841-1925 |
|
| 245 | 1 | 0 |
_aOld Greek Stories _h[electronic resource] / _cJames Baldwin |
| 260 |
_bProject Gutenberg, _c2004 |
||
| 505 | 0 | _aJupiter and his mighty company -- The Golden Age -- The story of Prometheus -- The flood -- The story of Io -- The wonderful weaver -- The lord of the silver bow -- Admetus and Alcestis -- Cadmus and Europa -- The quest of Medusa's head -- The story of Atalanta -- the horse and the olive -- the adventures of Theseus -- The wonderful artisan -- The cruel tribute. | |
| 506 | _aPublic domain in the USA. | ||
| 516 | _aElectronic text | ||
| 653 | _aMythology, Greek -- Juvenile literature | ||
| 830 | 0 |
_aProject Gutenberg _v11582 |
|
| 856 | 4 | 0 | _uhttp://www.gutenberg.org/ebooks/11582 |
| 942 | _cEB | ||
| 999 |
_c240837 _d240837 |
||